AH International Schools' Libraries

Birds of prey( KHMER) / (Record no. 49187)

MARC details
000 -LEADER
fixed length control field 00288nam a2200109 4500
020 ## - INTERNATIONAL STANDARD BOOK NUMBER
International Standard Book Number 9789996395215
100 ## - MAIN ENTRY--PERSONAL NAME
Personal name Hope, Charles
9 (RLIN) 84773
245 ## - TITLE STATEMENT
Title Birds of prey( KHMER) /
Statement of responsibility, etc Charles Hope
260 ## - PUBLICATION, DISTRIBUTION, ETC. (IMPRINT)
Place of publication, distribution, etc Australia
Name of publisher, distributor, etc Wild Dog
Date of publication, distribution, etc 2016
300 ## - PHYSICAL DESCRIPTION
Extent unpaged.
Other physical details col. ill.
Dimensions 21 cm.
942 ## - ADDED ENTRY ELEMENTS (KOHA)
Source of classification or shelving scheme
Koha item type Book
Holdings
Withdrawn status Lost status Source of classification or shelving scheme Damaged status Not for loan Collection code Home library Current library Date acquired Total Checkouts Full call number Barcode Checked out Date last seen Date checked out Price effective from Koha item type
          Siem Riep Asian Hope Early Years Library Asian Hope Early Years Library 08/08/2025 7 KHMER 598.8 HOP 208043 04/07/2026 04/07/2026 04/07/2026 08/08/2025 Book

For any Logos Library related questions please contact Miss Art at swongnarasuk@asianhope.org.

For any Asian Hope Library related questions please contact Miss Raza at graza@asianhope.org.

Click here to explore our ebooks!

Powered by Koha